000 01162nam a22003377a 4500
003 CHAP
005 20220329140213.0
008 971013s1995 r 00010 d
010 _a48518
011 _a49490
035 _a53639
040 _cCHAP
090 _aTesis
100 0 0 _aCervantes Ramírez, Juan Manuel.
_921606
245 _aProceso tecnológico del mecanismo trasplantador de cebolla
260 _aChapingo, Méx. :
_bEl autor,
_c1995
300 _a139 h.
_b: ilus. ; anexos
502 _aTesis (Ing. Mecánico Agrícola) -- UACH. Departamento de Ingeniería Mecánica Agrícola
590 _aALEPH
_b10
_c20130110
_lUCH01
_h1320
590 _aBATCH-UPD
_b10
_c20130110
_lUCH01
_h1534
590 _aBATCH-UPD
_b10
_c20130410
_lUCH01
_h0939
590 _aBATCH-UPD
_b10
_c20130914
_lUCH01
_h0905
590 _aCONVERSION
_b10
_c20130109
_lUCH01
_h1326
650 1 4 _aCebolla
_xTrasplante.
_920806
650 1 4 _aMaquinaria agrícola
_xDiseño.
_971168
700 0 _aHerrera Peralta, Oscar.
_954920
901 _aBK
942 _cFOLL
949 _bBC
_cTES
_d-118823
_eTS1
_h28246
_i53639
_si
949 _bBC
_cTES
_d33724000008272
_eTS2
_fc.2
_h28247
_i53639
_si
999 _c48518
_d48518